Turbomachinery: (Registro nro. 29466)
[ vista simple ]
| 000 -LÍDER | |
|---|---|
| fixed length control field | 00650nam a22002177a 4500 |
| 003 - IDENTIFICADOR DEL NÚMERO DE CONTROL | |
| control field | ITZ |
| 005 - FECHA Y HORA DE LA ULTIMA TRANSACCIÓN | |
| Campo de control | 20240522121334.0 |
| 008 - ELEMENTOS DE LONGITUD FIJA -- INFORMACIÓN GENERAL | |
| fixed length control field | 240522b |||||||| |||| 00| 0 spa d |
| 020 ## - NÚMERO INTERNACIONAL NORMALIZADO PARA LIBROS | |
| ISBN | 978-3-030-51301-6 |
| 035 ## - Número de ficha (Janium) | |
| Número de ficha (Janium) | 17848 |
| 041 ## - CÓDIGO DE IDIOMA | |
| Código de idioma para texto/pista de sonido o título separado | spa |
| 050 ## - SIGNATURA TOPOGRAFICA DE LA BIBLIOTECA DEL CONGRESO (LC) | |
| Número de Clasificación | TJ267 |
| Cutter | G353 - 2021 |
| 082 ## - NUMERO DE CLASIFICACION DECIMAL DEWEY | |
| Número de Clasificación | 621.406 |
| Cutter | G191t - 2021 |
| 100 1# - ASIENTO PRINCIPAL--NOMBRE PERSONAL | |
| Nombre personal | Gambini, Marco |
| 245 ## - TÍTULO | |
| Título | Turbomachinery: |
| Parte restante del título | Fundamentals, Selection and Preliminary Desing / |
| Mención de responsabilidad, etc. | Marco Gambini, Michela Vellini |
| 250 ## - MENCIÓN DE EDICIÓN | |
| Mención de edición | 1a ed. |
| 260 ## - PUBLICACIÓN, DISTRIBUCIÓN, ETC. (PIE DE IMPRENTA) | |
| Lugar de publicación, distribución, etc. | Cham: |
| Nombre del editor, distribuidor, etc. | Springer, |
| Fecha de publicación, distribución, etc. | 2021 |
| 300 ## - DESCRIPCIÓN FÍSICA | |
| Extensión | 358 p. |
| Otros detalles físicos | il / |
| Dimensiones | 24 cm. |
| 650 ## - ASIENTO SECUNDARIO DE MATERIA - TERMINO TEMÁTICO | |
| Término temático o nombre geográfico como elemento de entrada | 1. TURBOMAQUINAS - DISEÑO Y CONSTRUCCIÓN \ 2. MECANICA DE FLUIDOS |
| 942 ## - TIPO DE MATERIAL (KOHA) | |
| Koha item type | Libros |
| No. biblioteca | No. biblioteca | Número de clasificación | Código de barras/Número de adquisición | Número de copia | Tipo de material | Otras carreras |
|---|---|---|---|---|---|---|
| ÁREA DE ELECTROMECÁNICA | LUIS G. INCLAN | 621.406 G191t - 2021 | 54981 | 1 | Libros | LUIS G. INCLAN |
